Economías regionales en crisis : (Registro nro. 11775)
[ vista simple ]
| 000 -LEADER | |
|---|---|
| fixed length control field | 01332nam a2200313Ia 4500 |
| 003 - CONTROL NUMBER IDENTIFIER | |
| control field | OSt |
| 005 - DATE AND TIME OF LATEST TRANSACTION | |
| control field | 20210527110142.0 |
| 008 - FIXED-LENGTH DATA ELEMENTS--GENERAL INFORMATION | |
| fixed length control field | 210310s2003 ck ad gr 000 0 spa d |
| 020 ## - INTERNATIONAL STANDARD BOOK NUMBER | |
| International Standard Book Number | 9586824772 |
| 040 ## - CATALOGING SOURCE | |
| Original cataloging agency | CO-JMCR |
| Transcribing agency | CO-JMCR |
| 041 0# - LANGUAGE CODE | |
| Language code of text/sound track or separate title | spa |
| 082 04 - DEWEY DECIMAL CLASSIFICATION NUMBER | |
| Classification number | 338.98 / |
| Item number | E182e |
| Edition number | 23 |
| 100 1# - MAIN ENTRY--PERSONAL NAME | |
| Personal name | Echavarría, Juan José, |
| Relator term | autor |
| 9 (RLIN) | 26413 |
| 245 13 - TITLE STATEMENT | |
| Title | Economías regionales en crisis : |
| Remainder of title | El caso del Valle del Cauca / |
| Statement of responsibility, etc. | Juan José Echavarría, Israel Fainboim, Luis Alberto Zuleta |
| 250 ## - EDITION STATEMENT | |
| Edition statement | Primera edición |
| 260 ## - PUBLICATION, DISTRIBUTION, ETC. | |
| Place of publication, distribution, etc. | Colombia : |
| Name of publisher, distributor, etc. | Fedesarrollo, |
| Date of publication, distribution, etc. | 2003. |
| 300 ## - PHYSICAL DESCRIPTION | |
| Extent | 123 páginas : |
| Other physical details | ilustraciones y gráficas en blanco y negro ; |
| Dimensions | 23 cm. |
| 490 0# - SERIES STATEMENT | |
| Series statement | Series cuadernos de Fedesarrollo ; |
| Volume/sequential designation | 11 |
| 500 ## - GENERAL NOTE | |
| General note | 0 |
| 501 ## - WITH NOTE | |
| With note | Con: notas a pie de pagina. |
| 504 ## - BIBLIOGRAPHY, ETC. NOTE | |
| Bibliography, etc. note | Bibliografía : página 99-101. |
| 505 ## - FORMATTED CONTENTS NOTE | |
| Formatted contents note | Primera hipótesis el ciclo difiere pues la estructura sectorial del Valle es distinta ?. -- Segunda hipótesis la crisis actual como un problema de competitividad de largo plazo ?. -- Tercera hipótesis una caída en la actividad del narcotráfico? |
| 650 14 - SUBJECT ADDED ENTRY--TOPICAL TERM | |
| Topical term or geographic name entry element | Economía regional. |
| 9 (RLIN) | 26415 |
| 650 24 - SUBJECT ADDED ENTRY--TOPICAL TERM | |
| Topical term or geographic name entry element | Historia económica. |
| 9 (RLIN) | 37940 |
| 650 24 - SUBJECT ADDED ENTRY--TOPICAL TERM | |
| Topical term or geographic name entry element | Condiciones sociales. |
| 9 (RLIN) | 37941 |
| 700 1# - ADDED ENTRY--PERSONAL NAME | |
| Personal name | Fainboim, Israel, |
| Relator term | autor |
| 9 (RLIN) | 36645 |
| 700 1# - ADDED ENTRY--PERSONAL NAME | |
| Personal name | Zuleta, Luis Alberto, |
| Relator term | autor |
| 9 (RLIN) | 37942 |
| 942 ## - ADDED ENTRY ELEMENTS (KOHA) | |
| Source of classification or shelving scheme | Dewey Decimal Classification |
| Koha item type | Books |
| Withdrawn status | Lost status | Source of classification or shelving scheme | Damaged status | Not for loan | Home library | Current library | Shelving location | Date acquired | Source of acquisition | Full call number | Barcode | Date last seen | Copy number | Price effective from | Koha item type |
|---|---|---|---|---|---|---|---|---|---|---|---|---|---|---|---|
| Dewey Decimal Classification | Biblioteca Pública José María del Castillo y Rada | Biblioteca Pública José María del Castillo y Rada | General Stacks | 04/15/2018 | Donación | 338.98 / E182e | 430013194 | 05/16/2024 | Ej.1 | 03/10/2021 | Books |